Sour Times - Madison Beer - Statistics

General Stats
  • This quiz has been taken 20 times
  • The average score is 165 of 216
Answer Stats
Hint Answer % Correct
so
100%
you
100%
your
100%
a
92%
for
92%
I
92%
oh
92%
sour
92%
Sour
92%
that
92%
the
92%
times
92%
times)
92%
to
92%
what
92%
and
85%
Pre-Chorus And
85%
bad
85%
be
85%
don't
85%
each
85%
easy
85%
holy
85%
Chorus In
85%
in
85%
(In
85%
it
85%
just
85%
other
85%
rum
85%
these
85%
think
85%
Too
85%
want
85%
water
85%
Verse 1 We're
85%
boy
77%
Boy
77%
know
77%
lose
77%
night
77%
no
77%
on
77%
quick
77%
spend
77%
take
77%
this
77%
wanna
77%
with
77%
I'd
69%
I'm
69%
of
69%
patience
69%
tempered
69%
Won't
69%
clear
62%
It's
62%
lead
62%
made
62%
make
62%
my
62%
off
62%
There's
62%
yeah
62%
(Yeah
62%
yeah)
62%
Outro Yeah
62%
bandage
54%
'Cause
54%
fuckin'
54%
heard
54%
Verse 2 If
54%
mine
54%
save
54%
Short
54%
thinkin'
54%
way
54%
abrasive
46%
candid
46%
equation
46%
even
46%
heart's
46%
rebound
46%
rippin'
46%
song
46%
bein'
38%
crazy
38%
down
38%
right
38%
mind
31%
that's
31%
Ain't
23%
doesn't
23%
green
23%
light
23%
seem
23%
you'd
23%
No matching quizzes found
Score Distribution
Percent of People with Each Score
Percentile by Number Answered
Your Score History
You have not taken this quiz